00993nam a22002417a 450000500170000001000150001702000230003202000260005503500130008103700130009408200170010710000230012424501130014726000450026027000630030530000200036850000680038852000730045665000360052965000790056565000620064465000450070620150901113253.0 aENG-113430 a0199453616c750.00 a9780199453610c750.00 aEN-96962 bDBAD/PUB a305.23088297 aTabassum Ruhi Khan aBeyond hybridity and fundamentalism :cby Tabassum Ruhi Khanbemerging Muslim identity in globalized India / aNew DelhibOxford University Pressc2015 aYMCA Library Building, 1 Jai Singh RoadbNew Delhie110001 a217p.c23cm(Hb) a Includes bibliographical references (pages 190-211) and index. aStudy conducted among Muslim youth in Jamia Nagar, New Delhi, India. aMuslim youthzIndiazNew Delhi. a Muslim youth xEffect of technological innovations onzIndia zNew Delhi. a Identity (Psychology) in adolescence zIndiazNew Delhi. aMass media and youthzIndia zNew Delhi.